000 00490nam a2200181Ia 4500
008 090123s9999 xx 000 0 und d
082 _b37388
100 _aपंडित राम
245 _aगजलिका
250 _a0
260 _bगजल सागर प्रतिष्ठान
300 _a108
600 _aपंडित राम
630 _aगजलिका
700 _aपंडित राम
730 _aगजलिका
942 _cBOOK
999 _c75456
_d75456